A drónnal történő árukézbesítés fogyasztói elfogadottságának vizsgálata a vállalati döntéshozók támogatása céljából

Bibliográfiai részletek
Szerző: Murányi Dzsenifer
További közreműködők: Bartáné dr. Muharay Irén Erzsébet
Dokumentumtípus: TDK dolgozat
Kulcsszavak:árufuvarozás
ellátási lánc - ellátó hálózat
fogyasztói magatartás
kézbesítés
logisztikai szolgáltatások
üzleti innováció
Online Access:http://dolgozattar.uni-bge.hu/60464

MARC

LEADER 00000nta a2200000 i 4500
001 dolg60464
005 20260416073739.0
008 260416suuuu hu o 000 hun d
040 |a BGE Dolgozattár Repozitórium  |b hun 
041 |a hu 
100 1 |a Murányi Dzsenifer 
245 1 2 |a A drónnal történő árukézbesítés fogyasztói elfogadottságának vizsgálata a vállalati döntéshozók támogatása céljából  |c Murányi Dzsenifer  |h [elektronikus dokumentum] 
516 |a Students_Scientific_Association_paper 
520 3 |a A DRÓNNAL TÖRTÉNŐ ÁRUKÉZBESÍTÉS FOGYASZTÓI ELFOGADOTTSÁGÁNAK VIZSGÁLATA A VÁLLALATI DÖNTÉSHOZÓK TÁMOGATÁSA CÉLJÁBÓL Dolgozatom a drónnal történő árukézbesítés fogyasztói elfogadottságát vizsgálja Magyarországon, különös tekintettel a vállalati döntéshozók támogatása céljából. A tanulmány központi kérdése, hogy milyen tényezők befolyásolják a magyar fogyasztók attitűdjét a drónalapú utolsó mérföldes kézbesítési szolgáltatások iránt. A kutatásom célja feltárni milyen motivációs és gátló tényezők határozzák meg a drónos szállítás elfogadását, valamint elemezni a demográfiai, pszichológiai és technológiai jellemzők hatását a hozzáállás változására. Dolgozatom primer, kvantitatív kutatásra épül, amelyet online kérdőíves felmérés formájában végeztem. A mintavétel önkéntes, nem valószínűségi (kényelmi) módszerrel történt, főként közösségi médiafelületeken keresztül. A kérdőív strukturált kérdéseken és főként Likert-skálán alapszik. A kitöltők ösztönzése és motiválása érdekében a kérdőív egy rövid ismeretterjesztővel indítottam. A mintavételezést 2025. augusztus 25-től október 2. között végeztem, a begyűjtött kérdőívekből 19 kizárásra került, így a végső minta 177 főből állt össze, a célcsoport a 18 éves korosztálytól a nyugdíjasokig terjed. A kutatás eredményei szerint a magyar lakosság általánosságban nyitott, de információhiányos a drónos kézbesítéssel kapcsolatban. A válaszadók 99%-a ismeri a drón fogalmát, de a gyakorlati tapasztalatokkal csupán kb. 30% rendelkezik. A magasabb technológiai tudásszint és a pozitív személyes tapasztalat szignifikánsan növeli az elfogadottságot. A legnagyobb előnyként a gyorsaságot, kevésbé zsúfolt utakat és környezetbarát jellegét említették, míg a fő aggályok között a biztonság, magánszféra sérülése és a bűnüldözésre való nagyobb hajlam szerepel. A dolgozat végkövetkeztetése, hogy a drónos kézbesítés hazai bevezetése hosszú távon reális és fenntartható alternatívát jelenthet, azonban feltétele a társadalmi elfogadás, a jogi szabályozás kidolgozása és a tudatos fogyasztói edukáció. A kutatás eredményei értékes iránymutatást nyújtanak a vállalati döntéshozók számára a drónalapú technológia bevezetésének megtervezéséhez. 
695 |a árufuvarozás 
695 |a ellátási lánc - ellátó hálózat 
695 |a fogyasztói magatartás 
695 |a kézbesítés 
695 |a logisztikai szolgáltatások 
695 |a üzleti innováció 
700 1 |a Bartáné dr. Muharay Irén Erzsébet  |e ths 
856 4 0 |u http://dolgozattar.uni-bge.hu/60464/1/LMD_BYACW5.pdf  |z Dokumentum-elérés 
856 4 0 |u http://dolgozattar.uni-bge.hu/60464/2/resume_BYACW5.docx  |z Dokumentum-elérés 
856 4 0 |u http://dolgozattar.uni-bge.hu/60464/3/Mur%C3%A1nyi%20Dzsenifer_Hamar%20Farkas_TDK_dolgozat.pdf  |z Dokumentum-elérés 
856 4 0 |u http://dolgozattar.uni-bge.hu/60464/4/Mur%C3%A1nyi%20Dzsenifer_NGK_SzGy.pdf  |z Dokumentum-elérés